MDQL
is popping MORE tags! Check the
thread
!
Quizzes
Events
Quiz Creation
Community
Videos
Private Events
Remove Ads
Sign In
Join for FREE
Feedback
Dark Mode
Quiz Categories
Sports
Geography
Music
Movies
Television
Just For Fun
Miscellaneous
History
Literature
Language
Science
Gaming
Entertainment
Religion
Holiday
For Kids
Quiz Lab
Recent
Popular Today
Quiz Kudos Today
Editor Picks
Curator Picks
Quizzes by...
Day
Popularity
Type
Ratings
Length
Year
Community
Subscriptions
Recent Discussions
Orange Saloon
Badges
Playlists
Quests
Create
Leaderboards
Showdown
Live 5
Trivia Bingo
Activity
Puzzle Library
Sporcle Events
Private Events
Virtual Trivia
Globe League
Become a Host
Pub Owners
SporcleCon
Opinionation
Our Games
Videos
Blog
Mobile Apps
Partnerships
Remove Ads and Go Orange
Feedback
Music
Pop Music
The Beatles
Song
Album
Lyrics
Bands
Singers
Artist
Clip
Rock
Rap
Classical
Billboard
Country Music
Kpop
Taylor Swift
Music
Pop Music
The Beatles
Song
Album
Lyrics
Bands
Singers
Artist
Clip
Rock
Rap
Classical
Billboard
Country Music
Kpop
Taylor Swift
Random Quiz
Search Sporcle
×
Quiz Lab
Quiz Lab
Music
Song
Type in answers that appear in a list
Type in answers that appear in a list
Classic
Best Score? Go Orange.
Finish The Riff Raff Bar Stats
Can you finish The Riff Raff bar?
By
jjlynn2
20m
48 Questions
10 Plays
10 Plays
10 Plays
Comments
Comments
Give Quiz Kudos
Give Quiz Kudos
-
- Ratings
hide this ad
Replay
Link that replays current quiz
Next Quiz
Link to next quiz in quiz playlist
You Got
0%
They Got
Avg Score
46%
Avg Friend Score
Upgrade to see
Score Distribution
Jump to the score distribution portion of the page
Score
0/48
Timer
20:00
0
Plays Today
Bar
Answer
% Correct
It's Pierce Brosnan, cross you up like _
_
_
_
_
_
_
_
_
Allen Ivey
90%
I'm out here eatin' _
_
_
_
_
_
_
_
_
/
With who? With Oprah.
fried okra
80%
Gone for a minute now I can't tell you where I've been /
I came back like a _
_
_
_
_
_
_
_
_
_
_
_
_
_
_
_
boomerang lesbian
70%
I'm Kevin Garnett, 'cept I don't even _
_
_
_
_
_
_
_
_
_
_
break a sweat
70%
Next year I'm in the movies /
_
_
_
_
_
_
_
_
_
_
_
_
_
_
_
Quentin Tarantino
70%
Whoa, kemosabe /
Versace is my hobby /
I done shot more jumpers than that _
_
_
_
_
_
_
_
_
Bill Cosby
70%
My chain was _
_
_
_
_
_
_
_
_
, but somebody stole it
Mike Myers
70%
I beg your pardon, swung through _
_
_
_
_
_
_
_
_
_
_
Olive Garden
60%
Burberry pager, swung Suburban off a cliff /
Raff, Riff, rap game _
_
_
_
_
_
_
_
_
_
_
_
_
Stromile Swift
60%
The way I jump out the gym, you figured I _
_
_
_
_
_
_
_
_
_
_
_
_
_
_
_
_
_
_
_
played like five sports
60%
I ball _
_
_
_
_
_
_
_
_
_
_
_
_
from a distance
60%
Daddy, what's _
_
_
_
_
_
_
_
_
_
?
baking soda
60%
Right wrist Jacobs /
_
_
_
_
_
_
_
_
_
Jacobs
other hand
60%
Mysterious /
My mermaids are _
_
_
_
_
_
_
_
_
bicurious
60%
Tears fall from the _
_
_
_
_
_
_
_
_
_
_
_
_
_
_
_
_
_
_
_
castles around my heart
50%
My chain looks like, I just _
_
_
_
_
_
_
_
_
_
_
_
_
_
_
_
_
_
_
_
_
_
committed a diamond heist
50%
Tattoos on my arm, I was raised on a farm /
But I can cruise on 22's, hit threes like _
_
_
_
_
_
_
_
_
_
Matt Barnes
50%
Three wheeled through Beyonce video /
Spilled the syrup out of _
_
_
_
_
_
_
_
_
_
_
_
Jay Z's Sprite
50%
Gotcha runnin' over, Jerome Bettis /
_
_
_
_
_
_
_
_
_
_
_
_
_
, no dieting
Versace Lettuce
50%
Back in 8th grade, _
_
_
_
_
_
_
_
_
_
_
_
_
_
_
_
Banana berry wrist
50%
It's a clear _
_
_
_
_
_
_
_
_
_
turtleneck
50%
My bad, I'm dyslexic, in the _
_
_
_
_
_
_
_
_
_
_
_
_
_
_
_
_
four door mango Lexus
50%
Yuh, dumb ****! /
Walk inside my house all you see is _
_
_
_
_
_
_
_
_
_
_
_
_
_
_
_
_
_
_
_
_
_
_
_
new couches and thumbprints
50%
Eyes like a Chinamen, _
_
_
_
_
_
_
_
_
_
_
_
_
_
_
_
_
_
_
_
_
_
_
_
_
(2)
coach should pull your ass out
50%
Bar
Answer
% Correct
Versace fork in the road, _
_
_
_
_
_
_
_
_
_
_
_
_
_
_
_
_
I don't know which way
50%
Oh you want bitches? Peep the driveway. /
Looks like a _
_
_
_
_
_
_
_
_
_
_
_
_
_
_
_
_
_
_
_
Saint Patrick's Day parade
50%
I don't want your damn daughter /
She look like _
_
_
_
_
_
_
_
_
_
_
_
Steve Atwater
50%
Now I'm in _
_
_
_
_
_
_
_
choppin' blocks with Lil Yachty
Abu Dhabi
50%
They found crack in my jacket, found _
_
_
_
_
_
_
_
_
in my socks
marijuana
40%
I could sell oil /
Like _
_
_
_
_
_
_
_
_
_
_
Afghanistan
40%
I go coast to coast /
_
_
_
_
_
_
_
_
_
_
_
_
_
_
_
_
_
_
_
_
eat Versace French Toast
40%
Used to do coke with killas on my doorstep /
Used to play football like _
_
_
_
_
_
_
_
_
_
_
Tony Dorsett
40%
High school I used to play sports /
Then I got _
_
_
_
_
_
_
_
_
_
fat and lazy
40%
I don't want your girl cuz she look like _
_
_
_
_
_
_
Jay Leno
40%
Might install a _
_
_
_
_
_
_
_
_
_
_
_
_
_
_
_
_
_
_
right next to my codeine fountain
Versace money counter
40%
Maybe Clark Kent, Imma pull up _
_
_
_
_
_
_
_
_
_
_
iceberg tint
40%
It's the white _
_
_
_
_
_
_
_
_
_
_
_
_
_
/
Ballin' on civilians
Serena Williams
30%
I run the keys to Jamaica, _
_
_
_
_
_
_
_
_
Usain Bolt
30%
Now I'm in the laundromat, _
_
_
_
_
_
_
_
_
_
_
_
_
_
_
Darryl Strawberry
30%
My left hand was an avalanche /
My right hand, uh, _
_
_
_
_
_
_
_
_
_
_
_
_
_
_
_
_
_
_
_
_
_
_
_
eight grams and a traffic jam
30%
I can ball like Michael Jordan but I don't _
_
_
_
_
_
_
_
_
_
_
wear no Hanes
30%
You want some more beer? _
_
_
_
_
_
_
_
_
_
_
_
_
_
_
Meet us backstage
30%
Step inside the club and I smell like _
_
_
_
_
_
_
_
_
_
_
Power Ranger
20%
The Burley Boys in the _
_
_
_
_
_
_
_
_
_
_
_
_
_
_
_
_
_
candy blueberry Benz
20%
30 bricks and _
_
_
_
_
_
_
_
_
_
_
_
_
Michelin tires
20%
Coogi traphouse, I smell _
_
_
_
_
_
_
_
_
/
Coogi V12? Naw, Coogi baking soda.
hate aroma
20%
But now it's payback, cherry black Maybach /
Ah ****, look who it is, the white _
_
_
_
_
_
_
_
_
_
Warren Sapp
20%
Headed back to the country /
Rap game _
_
_
_
_
_
_
_
_
_
Huckle Finn
10%
Quiz Playlist
Details
Report
Send in Message
Add To Playlist
Classic:
Type in answers that appear in a list
Last Updated: Apr 26, 2017
Quiz Scoreboard
CHALLENGE
Sign Up to Join the Scoreboard
Show All
Scores
Hide
Comments
May contain spoilers
Recently Published
Two Season TV Shows II
by 123Four
Television
10m
Image Sorting: Flags VI
by Barbecue
Geography
2m
Find the 'City' Movie
by crazypaving
Movies
60s
More to Explore
Quiz From the Vault
Featured Blog Post
14 Easter Pick-up Lines to Find Eggs With
hide this ad
You Might Also Like...
Tags
Song Quiz
bar
finish
riff
Today's Top Quizzes in Music
Browse Music
hide this ad
Today's Top Quizzes in Song
Browse Song
Top Contributed Quizzes in Music
1
5X2 Blitz: Bands II
2
5X2 Blitz: The Beatles
3
Taylor Swift All Songs (2024)
4
5X2 Blitz: Billboard
5
5X2 Blitz: Billboard II
6
5X2 Blitz: Album
7
5X2 Blitz: Rock
8
5X2 Blitz: Singers
9
Music Artist by Three 2010s hits
10
5X2 Blitz: Lyrics
Explore More
Trending Topics
Harry Potter
NBA
Kpop
Crossword
Disney
Marvel
Anime
Song
Country
WWE
Soccer
Puzzle
Pokémon
NFL
The Office
hide this ad
More By:
jjlynn2
Quiz
Plays
Rating
Category
Featured
Created
Northside Prep Baseball Player Colleges
13
Sports
Apr 27, 2017
Finish The Riff Raff Bar
10
5.00
Music
Apr 26, 2017
Never Flaccid Songs
8
5.00
Music
Apr 26, 2017
Go to Creator's Profile
Score Distribution
Quiz Creator Spotlight
jjlynn2
Follow
Send a Message
Quizzes Created
-
Created Quiz Play Count
-
More By This Creator
Popular Quizzes Today
1
Find the US States - No Outlines Minefield
2
Colored Red Africa Blitz
3
Find the 'City' Movie
4
5x2 Blitz: Bands
5
The Countries of the World
6
Find the Countries of Europe - No Outlines Minefield
7
Find the US States
8
US States
More Music Quizzes
Star, Night, Shepherd or Angels
Editor's Pick
Trending Quizzes
Colored Red Europe Blitz I
Colored Red Africa Blitz II
Colored Red Europe Blitz II
Colored Red Africa Blitz III
Colored Red Europe Blitz III
Recently Updated
How Do You Spell That?
pecheneg
Godzilla Movies
pecheneg
Grab Bag: 4-10 Letters
pecheneg
2024 March Madness Bracket
pecheneg
Famous TV Couples
Peacemaker
Champions League XIs: Real Madrid
pecheneg
Largest US Cities 1790-2010
pecheneg
Rides in Walt Disney World
pecheneg
Most Oscar Losses (Acting)
pecheneg
Beyoncé Albums
pecheneg
Trending Topics
Kpop
NBA
Anime
Disney
Marvel
Crossword
Harry Potter
Puzzle
Song
NFL
Soccer
Country
Pokémon
The Office
WWE
Your Account Isn't Verified!
In order to create a playlist on Sporcle, you need to verify the email address you used during registration. Go to your
Sporcle Settings
to finish the process.
Report this User
Report this user for behavior that violates our
Community Guidelines
.
Details:
Send Report
Go to the Sporcle.com Mobile Site →
Comments